00256nam a2200109Ia 4500008004100000020001900041100001700060245003500077260001800112300000800130650000800138191201s2011 xx 000 0 und d a978-8184885873 aLAL, Jawahar 0aAccounting Theory and Practice bPearsonc2011 a573 aMBA